Τα Αρχεία στους Μικροϋπολογιστές (Record no. 610)
[ view plain ]
| 000 -LEADER | |
|---|---|
| fixed length control field | 01312cam a22001814a 4500 |
| 005 - ΗΜΕΡΟΜΗΝΙΑ ΚΑΙ ΩΡΑ ΤΕΛΕΥΤΑΙΑΣ ΕΝΗΜΕΡΩΣΗΣ | |
| Πεδίο ελέγχου | 20250605163231.0 |
| 008 - FIXED-LENGTH DATA ELEMENTS--GENERAL INFORMATION | |
| Πεδίο ελέγχου σταθερού μήκους | 250528s ||||||||||||||||||||||||d |
| 035 ## - SYSTEM CONTROL NUMBER | |
| System control number | 15004 |
| 040 ## - ΠΗΓΗ ΚΑΤΑΛΟΓΟΓΡΑΦΗΣΗΣ | |
| Φορέας πρωτότυπης καταλογογράφησης | MC Athens Campus Library |
| Γλώσσα καταλογογράφησης | Ελληνικά, Μοντέρνα (1453-) |
| Modifying agency | MC Athens Campus Library |
| Κανόνες περιγραφικής καταλογογράφησης | AACR2 |
| 245 1# - ΤΙΤΛΟΣ ΚΑΙ ΔΗΛΩΣΗ ΥΠΕΥΘΥΝΟΤΗΤΑΣ | |
| Τίτλος | Τα Αρχεία στους Μικροϋπολογιστές |
| 260 ## - PUBLICATION, DISTRIBUTION, ETC. | |
| Name of publisher, distributor, etc. | Αθήνα |
| 300 ## - PHYSICAL DESCRIPTION | |
| Extent | 184 |
| 520 ## - SUMMARY, ETC. | |
| Summary, etc. | Ευρετήριο (Directory) - Παραδοσιακοί Τρόποι Οργάνωσης - Δομές Δεδομένων - Βάση Δεδομένων (Data Base). Η Δομή των Αρχείων, Δημιουργία και Χειρισμός Αρχείων, Μέσα Καταχώρησης Στοιχείων, Ευρετήριο, Γενικά για Οργάνωση και Επεξεργασία Αρχείων, Απλη Σειριακή Οργάνωση, Σειριακή με Δείκτες Οργάνωση, Τυχαία Οργάνωση, Αρχεία Σχετικής Θέσης, Εκλογή Τρόπου Οργάνωσης Αρχείων, Ασφάλεια Αρχείων, Δομές Δεδομένων, Βάση Δεδομένων, Κωδικοποίηση Στοιχείων και Ψηφίο Ελέγχου, Βιβλιογραφία. |
| 700 1# - ΠΡΟΣΘΕΤΗ ΑΝΑΓΡΑΦΗ--ΦΥΣΙΚΟ ΠΡΟΣΩΠΟ | |
| Personal name | Βατικιώτης Αντώνης |
| 942 ## - ADDED ENTRY ELEMENTS (KOHA) | |
| Koha item type | Books |
| Τύπος τεκμηρίου | Βιβλιοθήκη | Τρέχουσα τοποθεσία | Barcode | Αριθμός εισαγωγής | Ημερομηνία απόκτησης | Ταξιθετικό σύμβολο | Αριθμός αντιτύπου | Κατάσταση απόσυρσης | Κατάσταση χαμένου | Κατάσταση κατεστραμμένου | Μη δανεισμός | Σύνολο δανεισμών | Ημερομηνία τελευταίας εμφάνισης | Η τιμή ισχύει από |
|---|---|---|---|---|---|---|---|---|---|---|---|---|---|---|
| Books | MC Athens Campus Library | MC Athens Campus Library | 9780000006097 | 1229 | 05/06/2025 | 004.16 ΒΑΤ | 1 | 05/06/2025 | 05/06/2025 |